| 000 | 00547nam a22001937a 4500 | ||
|---|---|---|---|
| 005 | 20231211145654.0 | ||
| 010 | _aENG-137530 | ||
| 020 |
_a9789392080227 _c250.00 |
||
| 035 | _aEN-121062 | ||
| 037 | _bDBAD/PUB | ||
| 082 | _a336 | ||
| 100 |
_aChaturvedi, D.D. _959734 |
||
| 245 | 1 | 0 |
_aPublic Finance/ _cBy D.D. Chaturvedi |
| 260 |
_aNew Delhi _bKitab Mahal _c2022 |
||
| 270 |
_a4655/21, Ansari Road, Daryaganj _bDelhi _e110002 |
||
| 300 |
_a192p. _c22cm(pbk) |
||
| 700 |
_aUpasana Diwan _959735 |
||
| 942 |
_2ddc _cEN _mCHA _h336 |
||
| 999 |
_c196732 _d196732 |
||